MARC

LEADER 00000nam0a2200000 4500
001 220455
005 20231101230333.0
010 |a 1841120731 
035 |a (RuTPU)RU\TPU\book\240579 
090 |a 220455 
100 |a 20120823d2001 km y0engy50 ba 
101 0 |a eng 
102 |a GB 
105 |a y z 001zy 
200 1 |a People Management  |f D. Firth 
210 |a Oxford  |c Capstone Publishing  |d 2001 
215 |a 228 p. 
225 1 |a Smart Things to know about 
320 |a Further Reading: p. 221-222. 
320 |a Index: p. 223-228. 
606 1 |a Персонал  |x Управление  |2 stltpush  |3 (RuTPU)RU\TPU\subj\36605  |9 57925 
610 1 |a кадры 
610 1 |a кадровый менеджмент 
610 1 |a персональный менеджмент 
610 1 |a английский язык 
686 |a У824  |v LBC/SL-A  |2 rubbk 
700 1 |a Firth  |b D.  |g David 
801 1 |a RU  |b 63413507  |c 20120823 
801 2 |a RU  |b 63413507  |c 20120918  |g RCR 
942 |c BK